00418 2200169 4500001002100000008004100021035002000062082000800082084001400090100001200104245003100116250000600147260006100153300001200214650001000226990001200236INLIS000000000001039 ind  a0010-0524000274 a800 a800 TUK g aTukilah aGubug Tengah AlascTukilah a1 aJakarta :bLembaga Pengkajian Pengembangan ( LPP )c2018 a118 hlm aFiksi a0744017